00488nam a22001217a 450000500170000000800410001702000180005804000130007608200170008924502160010626000320032230000120035420171125111839.0171125b xxu||||| |||| 00| 0 eng d a9781350009868 cPK-LaUMT a712.09bCUL- aA cultural history of gardens :bV.1: in antiquity; V.2:in the medieval age; V.3: in the renaissance; V.4:in the age of enlightenment; V.5: in the age of empire; V.6: in the modern agecedited by Kathryn Gleason aLondon :bBloomsbury,c2016 a6 vols.